| 000 | 00000nas 2200000zi 4500 |
| 001 | 9.874674 |
| 003 | CaOODSP |
| 005 | 20221107164244 |
| 006 | m o d f |
| 007 | cr ||||||||||| |
| 008 | 190611d1983198uonc x m ot f0###|0fre|d |
| 040 | |aCaOODSP|bfre|erda|cCaOODSP |
| 043 | |an-cn--- |
| 086 | 1 |aEn13-6F-PDF |
| 130 | 0 |aBulletin technique (Institut national de recherche sur les eaux (Canada). Division de l'hydraulique) |
| 245 | 10|aBulletin technique / |cDivision de l'hydraulique. |
| 264 | 1|a[Ottawa] : |b[Institut national de recherche sur les eaux (Canada)], Division de l'hydraulique, |c1983?-198-? |
| 310 | |aIrrégulier |
| 336 | |atexte|btxt|2rdacontent/fre |
| 337 | |ainformatique|bc|2rdamedia/fre |
| 338 | |aressource en ligne|bcr|2rdacarrier/fre |
| 500 | |aPublié aussi en anglais sous le titre : Technical note. |
| 588 | |aDescription d'après: n° 83-22F |
| 692 | 07|2gccst|aGestion de l'eau |
| 710 | 1 |aCanada. |bEnvironnement Canada. |
| 710 | 2 |aInstitut national de recherche sur les eaux (Canada). |bDivision de l'hydraulique. |
| 775 | 08|tTechnical note |w(CaOODSP)9.855127 |